000 00680nam a2200289Ia 4500
005 20260324135136.0
008 008 260324s9999 xx 000 0 eng d
020 _a9781315196732
037 _aEBOOK
040 _aCRL
040 _beng
040 _cCRL
041 _2eng
041 _aeng
084 _qCRL
100 _aKen N. Kamoche
_91199498
245 0 _aSociological Paradigms and Human Resources
245 3 _bAn African Context
260 _bTaylor and Francis
260 _c2000
365 _a
365 _b170
856 _uhttp://www.taylorfrancis.com/books/9781315196732
942 _cEBOOK
999 _c1800266
_d1800266